[Event "Hamburger SK V - SK Marmstorf"]
[Site "Landesliga Hamburg 2022/23"]
[Date "2023.05.06"]
[Round "8.5"]
[White "Koenig, Friedrich Theodor"]
[Black "Fuhrmann, Aake"]
[Result "1/2-1/2"]
[WhiteElo "1941"]
[BlackElo "1998"]
[PlyCount "92"]

1. d4 Nf6 2. c4 g6 3. Nc3 Bg7 4. Nf3 O-O 5. g3 d6 6. Bg2 Nc6 7. O-O a6 8. d5
Na5 9. Nd2 c5 10. Qc2 Rb8 11. b3 b5 12. Rb1 Bd7 13. Bb2 Qc7 14. Rfe1 bxc4 15.
bxc4 Rb6 16. Ba1 Rfb8 17. Rxb6 Rxb6 18. Rb1 Ng4 19. Nd1 Bxa1 20. Rxa1 Rb4 21.
e4 Ba4 22. Qc3 Bxd1 23. Rxd1 Qb6 24. f4 Rb2 25. h3 Nf6 26. e5 Ne8 27. a3 Nb7
28. Re1 Ra2 29. Ne4 Qb2 30. Qxb2 Rxb2 31. exd6 Nexd6 32. Nxd6 exd6 33. Re8+ Kg7
34. Rb8 Rb3 35. Kh2 Na5 36. Rxb3 Nxb3 37. Be4 Nd2 38. Bd3 Nf3+ 39. Kh1 h5 40.
h4 Kf6 41. Be2 Nd4 42. Bd3 Ke7 43. Kg2 f5 44. Kf2 Kd7 45. Ke3 Kc7 46. Kd2 Kb6
1/2-1/2

[Event "Hamburger SK V - SK Marmstorf"]
[Site "Landesliga Hamburg 2022/23"]
[Date "2023.05.06"]
[Round "8.6"]
[White "Huo, Da"]
[Black "Peschke, Matthias"]
[Result "1/2-1/2"]
[WhiteElo "1943"]
[BlackElo "2009"]
[PlyCount "117"]

1. Nf3 Nf6 2. g3 c5 3. Bg2 d5 4. d3 Nc6 5. O-O Bg4 6. Nbd2 Qd7 7. Re1 O-O-O 8.
a3 e5 9. c4 e4 10. cxd5 Qxd5 11. dxe4 Nxe4 12. Qa4 f5 13. Nf1 Qd7 14. Bf4 Bd6
15. Bxd6 Qxd6 16. Ne3 Rhe8 17. Nc4 Qe7 18. b4 Kb8 19. Na5 Nxa5 20. Qxa5 Bh5 21.
Rec1 Nxf2 22. Qxc5 Ng4 23. Qxe7 Rxe7 24. Ra2 Rde8 25. Nd4 Ne3 26. Bh1 Rd8 27.
Nf3 Bf7 28. Rd2 Red7 29. Rxd7 Rxd7 30. Ne5 Re7 31. Nxf7 Rxf7 32. Rc5 f4 33. Bf3
fxg3 34. hxg3 Rc7 35. Re5 Nc4 36. Re8+ Rc8 37. Re7 Rc7 38. Re8+ Rc8 39. Rxc8+
Kxc8 40. a4 Kc7 41. Kf2 h6 42. Be4 b5 43. Bd3 Na3 44. axb5 Kb6 45. Kf3 Nxb5 46.
Kf4 Nd4 47. Ke4 Nc6 48. b5 Ne7 49. Ke5 Kc5 50. Ke6 Nd5 51. Kf7 Nf6 52. Bg6 Kxb5
53. Kxg7 Ng4 54. Bh5 Ne3 55. g4 Kc5 56. Kxh6 Nxg4+ 57. Bxg4 Kd4 58. Kg5 Ke3 59.
Bd7 1/2-1/2

[Event "Hamburger SK V - SK Marmstorf"]
[Site "Landesliga Hamburg 2022/23"]
[Date "2023.05.06"]
[Round "8.7"]
[White "Fabig, Holger"]
[Black "Foo, Tzun Hong"]
[Result "0-1"]
[WhiteElo "1957"]
[BlackElo "1940"]
[PlyCount "66"]

1. e4 c5 2. Nc3 a6 3. g3 b5 4. Bg2 Bb7 5. d3 e6 6. f4 Nf6 7. Nf3 Be7 8. O-O O-O
9. h3 d6 10. Ne2 Nbd7 11. g4 Nb6 12. Ng3 Rc8 13. Qe2 Qc7 14. Bd2 c4 15. d4 Na4
16. Bc1 b4 17. g5 Nd7 18. f5 exf5 19. Nxf5 Rfe8 20. N3h4 Bf8 21. Qh5 g6 22.
Nh6+ Bxh6 23. Qxh6 Nf8 24. Rf4 Ne6 25. Nf5 gxf5 26. Rh4 Nf8 27. exf5 Re1+ 28.
Kf2 Rce8 29. f6 R8e2+ 30. Kg3 Rxg2+ 31. Kf4 Ne6+ 32. Kf5 Qc5+ 33. dxc5 Re5# 0-1

[Event "Hamburger SK V - SK Marmstorf"]
[Site "Landesliga Hamburg 2022/23"]
[Date "2023.05.06"]
[Round "8.8"]
[White "Lu, Yunong Elias"]
[Black "Anderberg, Peter"]
[Result "1/2-1/2"]
[WhiteElo "1823"]
[BlackElo "1916"]
[PlyCount "32"]

1. e4 e5 2. Nf3 Nc6 3. Bb5 a6 4. Ba4 Nf6 5. d3 Bc5 6. c3 b5 7. Bc2 d6 8. h3 Bb6
9. a4 Bd7 10. Na3 b4 11. Nc4 Ba7 12. a5 Rb8 13. Bg5 h6 14. Bh4 g5 15. Bg3 Nh5
16. d4 Nxg3 1/2-1/2

[Event "Hamburger SK IV - SV Großhansdorf"]
[Site "Landesliga Hamburg 2022/23"]
[Date "2023.05.06"]
[Round "8.9"]
[White "Wahls, Matthias"]
[Black "Groetzbach, Julian"]
[Result "1-0"]
[WhiteElo "2531"]
[BlackElo "2245"]
[PlyCount "65"]

1. d4 d5 2. c4 e6 3. Nc3 Bb4 4. a3 Bxc3+ 5. bxc3 Nf6 6. cxd5 exd5 7. e3 c5 8.
Bd3 O-O 9. Ne2 b6 10. O-O Ba6 11. f3 Re8 12. Ng3 Bxd3 13. Qxd3 Nc6 14. Bb2 Qd7
15. e4 dxe4 16. fxe4 Qg4 17. Rae1 Rad8 18. Rf5 h5 19. Ref1 Qg6 20. Qe3 h4 21.
Rg5 Qh7 22. Nf5 Rxe4 23. Qf3 g6 24. Ne3 Rd6 25. Nc4 Rde6 26. Ne5 cxd4 27. Nxc6
Rxc6 28. cxd4 Rc2 29. Ba1 h3 30. Qxf6 hxg2 31. Qd8+ Kg7 32. d5+ Kh6 33. Rxg2
1-0

[Event "Hamburger SK IV - SV Großhansdorf"]
[Site "Landesliga Hamburg 2022/23"]
[Date "2023.05.06"]
[Round "8.10"]
[White "Groetzbach, Daniel"]
[Black "Gara, Anita"]
[Result "1/2-1/2"]
[WhiteElo "2049"]
[BlackElo "2351"]
[PlyCount "33"]

1. e4 c5 2. Nf3 d6 3. d4 cxd4 4. Nxd4 Nf6 5. Nc3 g6 6. Be3 Bg7 7. f3 O-O 8. Qd2
Nc6 9. g4 Be6 10. Nxe6 fxe6 11. O-O-O Ne5 12. Be2 Qc8 13. Bd4 Nc6 14. Be3 Ne5
15. Bd4 Nc6 16. Be3 Ne5 17. Bd4 1/2-1/2

[Event "Hamburger SK IV - SV Großhansdorf"]
[Site "Landesliga Hamburg 2022/23"]
[Date "2023.05.06"]
[Round "8.11"]
[White "Kuhn, Gerd"]
[Black "Frackowiak, Oliver"]
[Result "1/2-1/2"]
[WhiteElo "1981"]
[BlackElo "2139"]
[PlyCount "36"]

1. d4 d5 2. Nf3 Nf6 3. Bf4 e6 4. e3 Bd6 5. Nbd2 O-O 6. Bd3 b6 7. Ne5 c5 8. c3
Ba6 9. Bxa6 Nxa6 10. Qe2 Nb8 11. O-O Qc7 12. Nd3 Nbd7 13. Bxd6 Qxd6 14. f4 Ne4
15. Nxe4 dxe4 16. Ne5 cxd4 17. exd4 f5 18. Rfd1 Rfd8 1/2-1/2

[Event "Hamburger SK IV - SV Großhansdorf"]
[Site "Landesliga Hamburg 2022/23"]
[Date "2023.05.06"]
[Round "8.12"]
[White "Jantzen, Hans-Joerg"]
[Black "Spindel, Ulrich"]
[Result "1/2-1/2"]
[WhiteElo "2133"]
[BlackElo "2080"]
[PlyCount "46"]

1. d4 e6 2. Bf4 Nf6 3. e3 c5 4. c3 Be7 5. Nd2 cxd4 6. exd4 b6 7. Ngf3 Bb7 8.
Bd3 Nc6 9. Qe2 d6 10. h3 Qd7 11. O-O O-O 12. Rad1 a6 13. Nc4 Nd5 14. Bg3 b5 15.
Ne3 Nf6 16. Rfe1 Rfe8 17. Bb1 Na5 18. b4 Nc4 19. Nxc4 bxc4 20. Nd2 Rac8 21. Ne4
Nxe4 22. Bxe4 Bxe4 23. Qxe4 d5 1/2-1/2

[Event "Hamburger SK IV - SV Großhansdorf"]
[Site "Landesliga Hamburg 2022/23"]
[Date "2023.05.06"]
[Round "8.13"]
[White "Varain, Ernst-Helmuth"]
[Black "Meier, David Geffrey"]
[Result "1/2-1/2"]
[WhiteElo "2021"]
[BlackElo "2087"]
[PlyCount "156"]

1. e4 d5 2. exd5 Qxd5 3. Nc3 Qa5 4. Bc4 Nf6 5. d4 Bg4 6. f3 Bh5 7. Nge2 Nc6 8. Bd2 O-O-O 9.
Nd5 Qa4 10. Bb3 Qa6 11. Nxf6 gxf6 12. c3 e5 13. d5 Na5 14. O-O Nxb3 15. axb3
Qb6+ 16. Kh1 Rxd5 17. Qc1 a6 18. b4 Rd3 19. Ng3 Bg6 20. Re1 Be7 21. Ne4 Rhd8
22. Be3 Qc6 23. Nf2 R3d7 24. Ra5 Rd5 25. Ra1 f5 26. f4 Bh4 27. c4 R5d7 28. b5
Qe6 29. bxa6 bxa6 30. b4 Qc6 31. b5 axb5 32. cxb5 Qxc1 33. Rexc1 Bxf2 34. Bxf2
exf4 35. Bh4 Kb7 36. Bxd8 Rxd8 37. Ra4 Rd5 38. Rac4 Rxb5 39. Rxc7+ Kb6 40.
R7c6+ Kb7 41. R6c4 f3 42. gxf3 Rb2 43. Rf4 Kb6 44. h4 h5 45. Rfc4 Kb5 46. Rc8
Rf2 47. Kg1 Re2 48. R1c4 f4 49. Rxf4 Ra2 50. Rc3 Rd2 51. Rf6 Kb4 52. Rc7 Kb5
53. Re7 Kc5 54. f4 Rd5 55. Re5 Rxe5 56. fxe5 Be4 57. Ra6 Kd5 58. Rh6 Kxe5 59.
Rxh5+ Ke6 60. Kf2 Bc2 61. Ke3 Bb3 62. Kf4 Kf6 63. Rg5 Bc2 64. h5 Bd3 65. Rg8
Bh7 66. Rg3 Bc2 67. h6 Bb1 68. Rg1 Bh7 69. Rh1 Kg6 70. Ke5 f6+ 71. Ke6 Bg8+ 72.
Ke7 Kh7 73. Kxf6 Bd5 74. Rh2 Kh8 75. Rb2 Be4 76. Re2 Bd3 77. Re5 Bc2 78. Re8+
Kh7 1/2-1/2

[Event "Hamburger SK IV - SV Großhansdorf"]
[Site "Landesliga Hamburg 2022/23"]
[Date "2023.05.06"]
[Round "8.14"]
[White "Atri, Jamshid"]
[Black "Felten, Joachim"]
[Result "1/2-1/2"]
[WhiteElo "1969"]
[BlackElo "2082"]
[PlyCount "138"]

1. e4 e6 2. d4 d5 3. Nc3 Bb4 4. e5 c5 5. a3 Bxc3+ 6. bxc3 Qa5 7. Bd2 Qa4 8. Qg4
g6 9. h4 h5 10. Qf4 Qxc2 11. Nf3 Qe4+ 12. Qxe4 dxe4 13. Ng5 f5 14. exf6 Nxf6
15. Bc4 Ke7 16. O-O Nc6 17. dxc5 e5 18. Rab1 Rf8 19. Rfe1 Rb8 20. Rb2 Bf5 21.
Ba2 Rfd8 22. Nf7 Rd7 23. Nd6 b6 24. Bg5 bxc5 25. Rxb8 Nxb8 26. Nxe4 Bxe4 27.
Rxe4 Rd6 28. Rxe5+ Kd7 29. Bxf6 Rxf6 30. Rxc5 Ra6 31. Bb1 Ke7 32. a4 Nd7 33.
Rg5 Nf8 34. g3 Kf6 35. Bc2 Rc6 36. Be4 Rxc3 37. Ra5 Rc7 38. Ra6+ Kg7 39. Kg2
Re7 40. f3 Rc7 41. Kh3 Re7 42. Rc6 Ne6 43. Kg2 Nf8 44. a5 Kh6 45. a6 Re6 46.
Rc8 Nd7 47. Rc7 Nf6 48. Rxa7 Nxe4 49. fxe4 Rxe4 50. Rc7 Ra4 51. Rc6 Ra3 52. Kf2
Kg7 53. Rc7+ Kf6 54. a7 g5 55. Ke2 gxh4 56. gxh4 Kf5 57. Rg7 Kf6 58. Rh7 Kg6
59. Rc7 Kf5 60. Kd2 Kg4 61. Rc4+ Kf5 62. Rc7 Kg4 63. Kc2 Kxh4 64. Kb2 Ra6 65.
Kb3 Kg3 66. Kb4 h4 67. Rc3+ Kg2 68. Ra3 Rxa7 69. Rxa7 h3 1/2-1/2

[Event "Hamburger SK IV - SV Großhansdorf"]
[Site "Landesliga Hamburg 2022/23"]
[Date "2023.05.06"]
[Round "8.15"]
[White "Limbach, Torsten"]
[Black "Salenko, Vadim"]
[Result "0-1"]
[WhiteElo "1961"]
[BlackElo "1996"]
[PlyCount "116"]

1. c4 e6 2. g3 d5 3. Bg2 c6 4. Nf3 Nd7 5. b3 f5 6. Bb2 Ngf6 7. O-O Bc5 8. d3
O-O 9. Nbd2 Ng4 10. d4 Bd6 11. h3 Ngf6 12. Ne5 Ne4 13. e3 Qe7 14. Kh2 Rf6 15.
f4 Rh6 16. Nxe4 fxe4 17. Ng4 Rg6 18. Ne5 Rh6 19. Ng4 Rg6 20. Ne5 Rh6 21. g4 g5
22. Kh1 Rh4 23. Bc3 gxf4 24. exf4 Qg7 25. Be1 Bxe5 26. Bxh4 Bxd4 27. Rb1 Nc5
28. Bf2 Nd3 29. Bxd4 Qxd4 30. Qe2 b5 31. cxd5 exd5 32. Rbd1 Ba6 33. Rxd3 Qxd3
34. Qxd3 exd3 35. b4 Bb7 36. Rd1 a5 37. Rxd3 axb4 38. Rd2 Kf8 39. Kg1 c5 40.
Kf2 Ke7 41. Ke2 c4 42. f5 Bc6 43. Kd1 Kd6 44. g5 c3 45. Re2 Bd7 46. Rf2 Ke5 47.
f6 Be6 48. h4 Ra7 49. Kc1 Bf7 50. Re2+ Kd6 51. Bf3 d4 52. Be4 Bxa2 53. Bxh7 b3
54. Re7 b2+ 55. Kd1 Bb3+ 56. Ke2 Rxe7+ 57. fxe7 Kxe7 58. Bd3 Bc4 0-1

[Event "SV Diagonale Harburg - FC St. Pauli III"]
[Site "Landesliga Hamburg 2022/23"]
[Date "2023.05.06"]
[Round "8.20"]
[White "Becker, Martin"]
[Black "Goepfert, Jakob"]
[Result "0-1"]
[WhiteElo "1898"]
[BlackElo "2140"]
[PlyCount "108"]

1. e4 c6 2. d4 d5 3. e5 Bf5 4. h4 h5 5. Bd3 Bxd3 6. Qxd3 e6 7. Ne2 Qa5+ 8. Bd2
Qa6 9. Qg3 Ne7 10. Rh3 Nf5 11. Qf4 c5 12. Ra3 Qc6 13. Rc3 Qb6 14. Rb3 Qc7 15.
Rc3 Nc6 16. Be3 cxd4 17. Nxd4 Nfxd4 18. Qxd4 Qa5 19. Qf4 Bb4 20. Bd2 Bxc3 21.
Nxc3 d4 22. Ne4 Qxe5 23. Qxe5 Nxe5 24. Nd6+ Kd7 25. Nxb7 Rhc8 26. O-O-O Rab8
27. Bf4 Rxb7 28. Bxe5 f6 29. Bxd4 Ke7 30. Be3 e5 31. b3 Ke6 32. c4 Kf5 33. f3
g5 34. hxg5 fxg5 35. Rd5 g4 36. fxg4+ hxg4 37. Kd1 Ke4 38. Bf2 Kf4 39. Ke2 Rh7
40. Rd3 Rh1 41. Bg3+ Kf5 42. Rd7 Rg1 43. Kf2 Rc1 44. Rd2 Rc3 45. Re2 Re8 46.
Bh2 e4 47. Re3 Rc2+ 48. Re2 e3+ 49. Kf1 Rc1+ 50. Re1 Rxe1+ 51. Kxe1 Ke4 52. Bd6
Kd3 53. Bc5 e2 54. Kf2 e1=Q# 0-1

[Event "SV Diagonale Harburg - FC St. Pauli III"]
[Site "Landesliga Hamburg 2022/23"]
[Date "2023.05.06"]
[Round "8.23"]
[White "David, Torsten"]
[Black "Haschimi, Haschem"]
[Result "*"]
[WhiteElo "2039"]
[BlackElo "1803"]
[PlyCount "87"]

1. e4 c6 2. d4 d5 3. exd5 cxd5 4. c4 Nf6 5. Nc3 Nc6 6. Bg5 e6 7. Nf3 Be7 8. c5
O-O 9. Bb5 Ne4 10. Bxe7 Nxe7 11. O-O Nxc3 12. bxc3 a6 13. Bd3 Nc6 14. Qc2 h6
15. Rfe1 Rb8 16. Rab1 Bd7 17. Rb6 Re8 18. c4 Qc7 19. g3 Kf8 20. Bf1 Kg8 21. Qb2
f6 22. Rb1 Bc8 23. cxd5 exd5 24. Bxa6 Bf5 25. Rxb7 Bxb1 26. Qxb1 Rxb7 27. Qxb7
Qxb7 28. Bxb7 Ne7 29. a4 Kf7 30. Kf1 Ke6 31. Ke2 Rb8 32. Ba6 Rb2+ 33. Nd2 Nf5
34. Bc8+ Ke7 35. Bxf5 Ra2 36. h4 Rxa4 37. Kd3 Ra1 38. h5 Ra3+ 39. Kc2 Kd8 40.
Be6 Ra2+ 41. Kc3 Ra3+ 42. Nb3 Ra2 43. f3 Rg2 44. g4 *

[Event "SV Diagonale Harburg - FC St. Pauli III"]
[Site "Landesliga Hamburg 2022/23"]
[Date "2023.05.06"]
[Round "8.24"]
[White "Haschimi, Said"]
[Black "Knecht, Guntram"]
[Result "0-1"]
[WhiteElo "1554"]
[BlackElo "2052"]
[PlyCount "68"]

1. d4 f5 2. c4 Nf6 3. Nc3 g6 4. Nf3 Bg7 5. e3 O-O 6. Bd3 d6 7. d5 Na6 8. O-O e5
9. dxe6 Nc5 10. Nd4 Nxe6 11. Nxe6 Bxe6 12. Qc2 Ng4 13. h3 Ne5 14. b3 Qh4 15.
Be2 Nf7 16. f4 g5 17. Bd2 c6 18. Rad1 Rad8 19. Bd3 Nh8 20. fxg5 Qxg5 21. Ne2
Ng6 22. Nf4 Nxf4 23. exf4 Qf6 24. Rf3 d5 25. cxd5 Bxd5 26. Rg3 Rd7 27. Bc3 Qh4
28. Qf2 Kh8 29. Kh2 Bxc3 30. Bxf5 Rg7 31. Bg4 Rfg8 32. Qc5 Bf6 33. Rgd3 Rxg4
34. Rg1 Rxg2+ 0-1

[Event "SC Diogenes II - SK Weisse Dame"]
[Site "Landesliga Hamburg 2022/23"]
[Date "2023.05.06"]
[Round "8.25"]
[White "Popist, Florian"]
[Black "Neumann, Michael"]
[Result "1-0"]
[WhiteElo "2179"]
[BlackElo "2126"]
[PlyCount "53"]

1. e4 c5 2. Nc3 Nc6 3. Bb5 Nd4 4. Nf3 a6 5. Bd3 e6 6. Nxd4 cxd4 7. Ne2 e5 8. c3
dxc3 9. dxc3 Nf6 10. O-O d5 11. Ng3 Bc5 12. Bg5 d4 13. Nh5 h6 14. Nxg7+ Kf8 15.
Bxf6 Qxf6 16. Nf5 Bxf5 17. exf5 dxc3 18. bxc3 Rd8 19. Qf3 Kg7 20. a4 a5 21. Be4
b6 22. Bd5 Kh7 23. Rad1 Rhg8 24. Rd3 Rg5 25. g3 Rdg8 26. Rfd1 Rg4 27. Bxf7 1-0

[Event "SC Diogenes II - SK Weisse Dame"]
[Site "Landesliga Hamburg 2022/23"]
[Date "2023.05.06"]
[Round "8.26"]
[White "Rieling, Thomas"]
[Black "Schoeneshoefer, Adrian"]
[Result "1-0"]
[WhiteElo "2085"]
[BlackElo "2005"]
[PlyCount "87"]

1. e4 c5 2. Nc3 Nc6 3. g3 g6 4. Bg2 Bg7 5. d3 d6 6. f4 e6 7. Nf3 Nge7 8. O-O
O-O 9. Be3 Rb8 10. Qd2 Nd4 11. Nd1 b5 12. Nh4 b4 13. c3 bxc3 14. bxc3 Ndc6 15.
f5 exf5 16. exf5 gxf5 17. Bh6 Ne5 18. Bxg7 Kxg7 19. Ne3 f4 20. Rxf4 N5g6 21.
Nef5+ Kh8 22. Rf2 Be6 23. Raf1 d5 24. Qh6 Rg8 25. Qe3 Nxf5 26. Nxf5 Qc7 27. d4
c4 28. Qg5 Qd8 29. Qh5 Rb7 30. Bh3 Rf8 31. Bg2 Rd7 32. Qh6 Rg8 33. Qe3 Rf8 34.
h4 Bxf5 35. Rxf5 Re8 36. Qh6 Qe7 37. h5 Nf8 38. Rxf7 Qxf7 39. Rxf7 Rxf7 40.
Bxd5 Re1+ 41. Kg2 Re2+ 42. Kh3 Rff2 43. Bxc4 Rh2+ 44. Kg4 1-0

[Event "SC Diogenes II - SK Weisse Dame"]
[Site "Landesliga Hamburg 2022/23"]
[Date "2023.05.06"]
[Round "8.27"]
[White "Mandelbaum, Peter-Rene"]
[Black "Bartels, Holger"]
[Result "1-0"]
[WhiteElo "2091"]
[BlackElo "2015"]
[PlyCount "101"]

1. e4 c5 2. Nf3 Nc6 3. d4 cxd4 4. Nxd4 g6 5. c4 Bg7 6. Be3 d6 7. Nc3 Nf6 8. Be2
O-O 9. O-O Bd7 10. f3 a6 11. Qd2 Qc7 12. Rfc1 Nxd4 13. Bxd4 Be6 14. b3 Nd7 15.
Be3 Rac8 16. Nd5 Bxd5 17. cxd5 Qb8 18. Rxc8 Rxc8 19. Rc1 Rc7 20. Kf2 Qc8 21.
Rxc7 Qxc7 22. Qc1 Qxc1 23. Bxc1 Bd4+ 24. Ke1 Kf8 25. Kd2 e6 26. dxe6 fxe6 27.
Kd3 Bg1 28. h3 Ne5+ 29. Kc3 Ke7 30. f4 Nc6 31. g4 Bf2 32. g5 Nd4 33. Bg4 Kf7
34. Kd3 Nc6 35. Ba3 d5 36. exd5 exd5 37. Bc8 Nd8 38. Bd6 Bb6 39. Be5 a5 40. Bf6
Ne6 41. Be5 Bg1 42. Ke2 b6 43. Bb7 d4 44. Bd6 d3+ 45. Kd2 Bc5 46. Bxc5 Nxc5 47.
Bd5+ Kg7 48. Bc4 Ne4+ 49. Kxd3 Nf2+ 50. Ke3 Nd1+ 51. Kd4 1-0

[Event "SC Diogenes II - SK Weisse Dame"]
[Site "Landesliga Hamburg 2022/23"]
[Date "2023.05.06"]
[Round "8.28"]
[White "Hohlfeld, Wolfgang"]
[Black "Lansky, Georg"]
[Result "1/2-1/2"]
[WhiteElo "2050"]
[BlackElo "2061"]
[PlyCount "105"]

1. e4 e6 2. d4 d5 3. exd5 exd5 4. Nf3 Nc6 5. Bd3 Bd6 6. O-O Nge7 7. c3 Bg4 8.
Bg5 f6 9. Bh4 Qd7 10. Bg3 Bxg3 11. fxg3 O-O-O 12. Na3 h5 13. Nc2 h4 14. gxh4 g5
15. Ne3 gxh4 16. Nxg4 Qxg4 17. Ne1 Qg5 18. Qf3 Rhf8 19. Qf4 Rde8 20. Qxg5 fxg5
21. Rxf8 Rxf8 22. Nf3 Rg8 23. Re1 Kd7 24. Kf2 Kd6 25. h3 Rg7 26. g3 hxg3+ 27.
Kxg3 Nd8 28. Ne5 Ne6 29. Bc2 c5 30. dxc5+ Nxc5 31. Nf3 Ne6 32. Kg4 Ng8 33. Nd4
Nxd4 34. cxd4 Ne7 35. Re5 Rf7 36. Kxg5 Rf2 37. Bf5 Nxf5 38. Rxf5 Rxb2 39. Rf6+
Ke7 40. Rf5 Rxa2 41. Rxd5 Ke6 42. Re5+ Kd6 43. h4 Rd2 44. Re4 Kd5 45. Rg4 b5
46. h5 Rh2 47. h6 b4 48. Rh4 Rg2+ 49. Kf6 Rg8 50. h7 Rh8 51. Kg7 Rxh7+ 52. Kxh7
a5 53. Rh5+ 1/2-1/2

[Event "SC Diogenes II - SK Weisse Dame"]
[Site "Landesliga Hamburg 2022/23"]
[Date "2023.05.06"]
[Round "8.29"]
[White "Schiele, Lars"]
[Black "Hein, Ralf"]
[Result "1-0"]
[WhiteElo "2050"]
[BlackElo "2029"]
[PlyCount "161"]

1. d4 d5 2. c4 Nf6 3. cxd5 Qxd5 4. Nc3 Qa5 5. Bd2 c6 6. Nf3 e6 7. e4 Bb4 8. Bd3
Nbd7 9. a3 Bxc3 10. Bxc3 Qc7 11. O-O O-O 12. e5 Nd5 13. Bxh7+ Kxh7 14. Ng5+ Kg8
15. Qh5 N7f6 16. exf6 Nxf6 17. Qh4 Rd8 18. Rfe1 Rd5 19. Re3 g6 20. Qh6 Qf4 21.
Rg3 b6 22. Re1 Bd7 23. h4 Re8 24. Ree3 Rf5 25. Rgf3 Qh2+ 26. Kxh2 Ng4+ 27. Kg1
Nxh6 28. Ne4 Rd8 29. Nf6+ Rxf6 30. Rxf6 Ng4 31. Rff3 Nxe3 32. fxe3 f5 33. Kh2
Bc8 34. Kg3 Kf7 35. Kf4 Bb7 36. Rh3 Rg8 37. g3 Ba6 38. Ke5 Bd3 39. Kd6 Be4 40.
Rh2 Bd5 41. Kc7 Rg7 42. Rf2 Kg8+ 43. Kd6 Kh7 44. Ke5 g5 45. h5 g4 46. Bb4 Rg5
47. Kd6 Rxh5 48. Kc7 Kg6 49. Kb8 Rh7 50. Bd6 Rd7 51. Be5 c5 52. dxc5 bxc5 53.
Bc7 Be4 54. Rh2 c4 55. Rf2 a6 56. Be5 Rd5 57. Bc3 a5 58. Kc7 e5 59. Rd2 Bd3 60.
Kc6 Rd8 61. Kc7 Rd5 62. Kc6 Rd8 63. Bxa5 Rh8 64. Bc3 Kf6 65. Kd6 Rd8+ 66. Kc7
Rh8 67. a4 Rh3 68. Kd6 Kf7 69. Bxe5 Rh6+ 70. Kc5 Ra6 71. Kb4 Ke6 72. Bd4 Kd5
73. Rh2 Ra8 74. Rh8 Ra6 75. Re8 Rh6 76. a5 Ra6 77. Kc3 Kd6 78. Re5 Ra8 79. b4
Ra6 80. Re8 Kd7 81. Rb8 1-0

[Event "SC Diogenes II - SK Weisse Dame"]
[Site "Landesliga Hamburg 2022/23"]
[Date "2023.05.06"]
[Round "8.30"]
[White "Kalla, Christian"]
[Black "Kuhle, Sebastian"]
[Result "1-0"]
[WhiteElo "1948"]
[BlackElo "2032"]
[PlyCount "133"]

1. e4 e5 2. Nf3 Nf6 3. Nxe5 d6 4. Nf3 Nxe4 5. Nc3 Nxc3 6. dxc3 Be7 7. Bf4 O-O
8. Qd2 Nd7 9. O-O-O Nc5 10. Bc4 Ne6 11. Be3 c6 12. Rhe1 b5 13. Bd3 Qa5 14. Kb1
Bd7 15. Nd4 Rfb8 16. Nf5 Bf8 17. Be4 d5 18. Bf3 Rb6 19. c4 Bb4 20. c3 Ra6 21.
cxb4 Qxa2+ 22. Kc2 Ra3 23. Ra1 Qxc4+ 24. Kb1 Rxa1+ 25. Kxa1 a5 26. bxa5 b4 27.
Bb6 Nc5 28. Ne7+ Kh8 29. Qe2 Nb3+ 30. Kb1 Nxa5 31. Bxa5 Qxe2 32. Rxe2 Rxa5 33.
b3 Ra8 34. g4 g6 35. Rc2 h5 36. h3 hxg4 37. Bxg4 f5 38. Bf3 Kg7 39. Nxc6 Rh8
40. Nxb4 Rxh3 41. Bxd5 Kf6 42. f4 Ke7 43. Rd2 Rg3 44. Rg2 Rg4 45. Bf3 Rh4 46.
Nd3 Be8 47. Kc2 Kf6 48. Bd5 Bb5 49. Bc4 Bc6 50. Rf2 g5 51. fxg5+ Kxg5 52. Ne5
Be4+ 53. Bd3 Kf6 54. Bxe4 Rxe4 55. Nd3 Rh4 56. Kc3 Ke6 57. b4 Rh8 58. Rf4 Rc8+
59. Rc4 Rf8 60. b5 Kd6 61. Rd4+ Kc7 62. Kc4 Rf7 63. Kc5 Kb7 64. Ne5 Rc7+ 65.
Nc6 f4 66. Rxf4 Rh7 67. Rf7+ 1-0

[Event "SC Diogenes II - SK Weisse Dame"]
[Site "Landesliga Hamburg 2022/23"]
[Date "2023.05.06"]
[Round "8.31"]
[White "Purniel Umpierre, Christian"]
[Black "Buchholz, Robert"]
[Result "1-0"]
[WhiteElo "1975"]
[BlackElo "1975"]
[PlyCount "97"]

1. Nf3 d5 2. g3 Nf6 3. Bg2 g6 4. d4 Bg7 5. O-O O-O 6. c4 c6 7. b3 Ne4 8. Bb2
Be6 9. Qc1 Nd7 10. Nbd2 Nxd2 11. Nxd2 Nf6 12. Rd1 Bh6 13. Qc3 Bg4 14. f3 Be6
15. e4 Qd7 16. e5 Ne8 17. Nf1 f5 18. f4 Nc7 19. h4 Bg7 20. Rac1 Rfc8 21. Ne3
Bf8 22. a4 a5 23. Bf1 Bf7 24. Ba3 Be8 25. c5 e6 26. Ra1 Rcb8 27. Rdb1 b5 28.
cxb6 Na6 29. Nc2 Bxa3 30. Rxa3 Rxb6 31. Qxa5 Qb7 32. Bxa6 Rbxa6 33. Qb4 Qc7 34.
Qc3 Ra5 35. Ne1 Qb6 36. Rc1 Qa6 37. Nd3 Kf7 38. Kf2 h6 39. Nc5 Qb6 40. b4 R5a7
41. Rb1 h5 42. Rab3 Rb8 43. Ke3 Ke7 44. b5 cxb5 45. axb5 Rc8 46. Qb4 Kf7 47.
Na4 Rxa4 48. Qxa4 Rc4 49. Qa1 1-0

[Event "SC Diogenes II - SK Weisse Dame"]
[Site "Landesliga Hamburg 2022/23"]
[Date "2023.05.06"]
[Round "8.32"]
[White "Mueller-Peters, Dominik"]
[Black "Opasiak, Dustin Tennessee"]
[Result "1-0"]
[WhiteElo "2169"]
[BlackElo "1745"]
[PlyCount "87"]

1. d4 c5 2. d5 Nf6 3. c4 e5 4. Nc3 d6 5. e4 Be7 6. Nf3 O-O 7. h3 Ne8 8. Bd3 f5
9. exf5 Bxf5 10. Bxf5 Rxf5 11. Qd3 g6 12. Bd2 Ng7 13. g4 Rf7 14. Ne4 Nd7 15.
O-O a5 16. Kg2 Qc7 17. Ng1 Re8 18. Ne2 b6 19. N2c3 Ref8 20. Nb5 Qb8 21. a3 Kh8
22. b4 axb4 23. axb4 cxb4 24. Bxb4 Nc5 25. Bxc5 bxc5 26. Rfb1 Qd8 27. Ra7 Ne8
28. Rba1 Bh4 29. Rxf7 Rxf7 30. Ra6 Rd7 31. Qe3 Bf6 32. Qa3 Kg7 33. Ra8 Qe7 34.
g5 Bxg5 35. Rxe8 Qxe8 36. Nxg5 h6 37. Ne4 g5 38. Nbxd6 Qf8 39. Qf3 Qf4 40. Qh5
Qf8 41. Ne8+ Kh8 42. N4f6 Rf7 43. Qg6 Ra7 44. d6 1-0

[Event "TV Fischbek - SK Johanneum Eppendorf II"]
[Site "Landesliga Hamburg 2022/23"]
[Date "2023.05.06"]
[Round "8.33"]
[White "Wenzel, Birger"]
[Black "Serrer, Christoph"]
[Result "0-1"]
[WhiteElo "2013"]
[BlackElo "2268"]
[PlyCount "206"]

1. d4 d5 2. c4 e6 3. Nc3 Nf6 4. Bg5 Be7 5. e3 O-O 6. Nf3 b6 7. Be2 Bb7 8. cxd5
Nxd5 9. Nxd5 Bxd5 10. Bxe7 Qxe7 11. O-O Nd7 12. Qc2 c5 13. Rac1 Rfc8 14. Qa4 a6
15. Qa3 Kf8 16. dxc5 Rxc5 17. Rxc5 Qxc5 18. Qxc5+ Nxc5 19. b3 a5 20. Ne5 Ke7
21. Rc1 Rd8 22. f3 f6 23. Ng4 Bb7 24. Rc2 h5 25. Nf2 h4 26. Kf1 g5 27. Ke1 e5
28. Rd2 Rxd2 29. Kxd2 Kd6 30. g3 hxg3 31. hxg3 Bd5 32. Kc3 Bc6 33. a3 Ne6 34.
b4 axb4+ 35. axb4 Nc7 36. e4 Ne6 37. Ng4 Nd4 38. Bd1 f5 39. Nf2 Ke6 40. g4 fxe4
41. Nxe4 Bxe4 42. fxe4 Kd6 43. Kd3 Kc7 44. Kc3 Kd6 45. Kd3 Ne6 46. Ba4 Nc7 47.
Kc4 Ke7 48. Bc6 Ke6 49. Ba4 Kd6 50. Kc3 Ne6 51. Kd3 Nf8 52. Be8 Ke7 53. Ba4 Nh7
54. Bd1 Nf6 55. Bf3 Kd6 56. Kc3 Kc6 57. Kc2 Ne8 58. Be2 Nd6 59. Bd3 Ne8 60. Be2
Nf6 61. Bf3 Nd7 62. Kb3 Nb8 63. Be2 Nd7 64. Kc3 Kd6 65. Kc4 Nb8 66. Kb5 Nc6 67.
Kxb6 Nxb4 68. Kb5 Nc2 69. Kc4 Ne3+ 70. Kd3 Ng2 71. Kc4 Kc6 72. Kb4 Ne3 73. Bb5+
Kd6 74. Be2 Nc2+ 75. Kc4 Kc6 76. Kc3 Nd4 77. Bc4 Kc5 78. Ba6 Ne6 79. Bc8 Nd8
80. Bd7 Nb7 81. Ba4 Nd6 82. Bc2 Nb5+ 83. Kd3 Kb4 84. Kd2 Nd6 85. Kd3 Nb7 86.
Bd1 Nc5+ 87. Ke3 Kc3 88. Be2 Nb7 89. Ba6 Na5 90. Bc8 Nc4+ 91. Kf3 Kd4 92. Bb7
Nd2+ 93. Ke2 Nxe4 94. Bc8 Nc3+ 95. Kd2 e4 96. Ba6 e3+ 97. Ke1 Ke4 98. Bb7+ Kf4
99. Bc8 Ne4 100. Ke2 Nf6 101. Be6 Nxg4 102. Bxg4 Kxg4 103. Kxe3 Kg3 0-1

[Event "TV Fischbek - SK Johanneum Eppendorf II"]
[Site "Landesliga Hamburg 2022/23"]
[Date "2023.05.06"]
[Round "8.34"]
[White "de Voogt, Juergen"]
[Black "Kussin, Bernd"]
[Result "1-0"]
[WhiteElo "2242"]
[BlackElo "2089"]
[PlyCount "77"]

1. e4 c5 2. Nc3 e6 3. g3 d5 4. exd5 exd5 5. d4 Nf6 6. Bg5 Be6 7. Nge2 Be7 8.
Bg2 Nbd7 9. O-O O-O 10. Nf4 Qb6 11. dxc5 Qxc5 12. Ncxd5 Bxd5 13. Nxd5 Nxd5 14.
Bxe7 Nxe7 15. Qxd7 Rfd8 16. Qa4 Rd2 17. Rae1 Nc6 18. Be4 g6 19. Re3 Rd4 20. Qb3
Rb4 21. Qa3 Qb6 22. Bxc6 bxc6 23. Rfe1 c5 24. Qc3 Rd4 25. a3 Rad8 26. Re8+ Rxe8
27. Rxe8+ Kg7 28. Re5 f6 29. Rxc5 Rd1+ 30. Kg2 Qb7+ 31. f3 Qa6 32. Rc7+ Kh6 33.
Qe3+ g5 34. c4 Qd6 35. Re7 Rd2+ 36. Kh3 Rd4 37. b3 Kg6 38. Rxa7 h5 39. Qe8+ 1-0